000 00423nam a2200181Ia 4500
005 20240823040531.0
008 240823s9999||||xx |||||||||||||| ||und||
041 _aTAMIL
082 _A158.10835 P7
100 _aLenin M
245 0 _aKaduklavu Uzhaithalay Kadalavu Payan Peralaam
250 _a1st
260 _c2007
_bVanavil Pathi
500 _aYES
650 _aGeneral
_bGeneral
942 _cBK
999 _c203335
_d203335